000 00680nam a2200229Ia 4500
999 _c50579
_d50579
001 17529
003 GE_BSU
005 20200213162446.0
008 181216s2011ge xx |||||||||||||| ||ger||
020 _a9783192017216
040 _cGE_BSU
041 _ager
080 _a811.112(075.8) B-86
100 _aBrill,Lilli-Marlen.
_97079
245 _aGroBes Ubungsbuch Deutsch : Wortschatz /
_cLilli-Marlen Brill ; Marion Techmer.
264 _aGermany :
_bHueber,
_c2011.
300 _a400 p;
_c23 cm.
653 _aGrosses Ubungsbuch Deutsch
653 _aგერმანული ენა (ლექსიკა)
700 _aTechmer, Marion.
_97080
942 _cBK
_2udc